书目信息 |
| 题名: |
中国道路与人口老龄化
|
|
| 作者: | 厉以宁 主编 | |
| 分册: | ||
| 出版信息: | 北京 商务印书馆 2018 |
|
| 页数: | 432页 | |
| 开本: | 22cm | |
| 丛书名: | 中国道路丛书 | |
| 单 册: | ||
| 中图分类: | C924.24 | |
| 科图分类: | ||
| 主题词: | 人口调查--世界 , 人口--研究--世界 | |
| 电子资源: | ||
| ISBN: | 978-7-100-16637-9 | |
| 000 | 00677nam0 2200217 450 | |
| 001 | 2460509414 | |
| 005 | 20240909165151.25 | |
| 010 | @a978-7-100-16637-9@dCNY68.00 | |
| 100 | @a20240905d km y0chiy0120 ea | |
| 101 | 0 | @achi |
| 200 | 1 | @a中国道路与人口老龄化@AZhong Guo Dao Lu Yu Ren Kou Lao Ling Hua@f厉以宁主编@FLi Yi Ning Zhu Bian |
| 210 | @a北京@c商务印书馆@d2018 | |
| 215 | @a432页@d22cm | |
| 225 | 2 | @a中国道路丛书 |
| 410 | 0 | @12001 @a中国道路丛书 |
| 606 | 0 | @a人口调查@x世界 |
| 606 | 0 | @a人口@x研究@x世界 |
| 690 | @aC924.24@v4 | |
| 701 | 0 | @a厉以宁@ALi Yi Ning@4主编 |
| 801 | 0 | @aCN@b大连网信软件有限公司图书馆·11@c20240909 |
| 905 | @aZUCC@b1057372@dC924.24@e107 | |
| 中国道路与人口老龄化/厉以宁主编.-北京:商务印书馆,2018 |
| 432页;22cm.-(中国道路丛书) |
| ISBN 978-7-100-16637-9:CNY68.00 |
| ● |
| 相关链接 |
|
|
|
|
正题名:中国道路与人口老龄化
索取号:C924.24/107
 
预约/预借
| 序号 | 登录号 | 条形码 | 馆藏地/架位号 | 状态 | 备注 |
| 1 | 1053549 | 210535492 | 第一样本阅览室/ [索取号:C924.24/107] |
已借出,限还日期为2034.09.11 借出人:宋晓敏 |